02170nam a22001937a 4500003000400000005001700004008004100021020001800062040000800080041001200088245010700100260003700207300001300244490001900257505060500276520092200881650002601803856014701829OSt20250709105811.0250709b |||||||| |||| 00| 0 eng d a9780241700440 ctbs aEnglish aIt's not summer without you c/ Jenny Han ; retold by Madeleine Burgess ; illustrated by Jieting Chen. aDublin : Penguin Books Ltd. 2025 a80 pages aPenguin reader aOnline Learning materials: Answer Keys and Lesson Plans. With carefully adapted text, new illustrations, language practise activities and additional online resources, the Penguin Readers series introduces language learners to bestselling authors and compelling content. Titles include popular classics, exciting contemporary fiction, and thought-provoking non-fiction. The text is made up of sentences with up to three clauses, introducing more complex uses of present perfect simple, passives, phrasal verbs and simple relative clauses. It is well supported by illustrations, which appear regularly. aWith carefully adapted text, new illustrations, language practise activities and additional online resources, the Penguin Readers series introduces language learners to bestselling authors and compelling content. Titles include popular classics, exciting contemporary fiction, and thought-provoking non-fiction. It's Not Summer Without You, a Level 4 Reader, is A2+ in the CEFR framework. The text is made up of sentences with up to three clauses, introducing more complex uses of present perfect simple, passives, phrasal verbs and simple relative clauses. It is well supported by illustrations, which appear regularly. It’s Not Summer Without You is the second of three famous books about Belly and her feelings for Conrad and his brother, Jeremiah. Conrad is now at college, and he and Belly are dating. But, Susannah is very ill and Conrad loves his mother very much. Is this the right time for him and Belly? aReading comprehension yExclusively with the print edition, readers can unlock online resources including a digital book, audio edition, lesson plans and answer keys.